000 00341nam a2200145Ia 4500
008 221030s9999 xx 000 0 und d
041 _aEnglish
082 _a105.23
_bAgg
100 _aK. K. Aggarwal
245 0 _aControl System Analysis & Design
260 _bKhanna Pub.
_aNew Delhi
_c1991
300 _a754
650 _aEE
942 _cBK
999 _c1000
_d1000